000 00517nam a2200193Ia 4500
005 20250326143648.0
008 250326s9999 xx 000 0 und d
020 _a0-8144-7884-0
037 _aTextbook
040 _aFMSL
_beng
_cFMSL
041 _aeng
_2eng
084 _aX:51 N5
_qFMSL
100 _aAnderson K
_9741828
245 0 _aKnock your socks off answers
_cAnderson K
260 _aNew York
_bNew York, Amacom
_c1995
300 _a143p
942 _cTB
_hX:51 N5
999 _c1300483
_d1300483